Guess the random Taylor Swift Song Lyrics 144 - Statistics

General Stats
  • This quiz has been taken 25 times
  • The average score is 261 of 348
Answer Stats
Answer % Correct
a
100%
A
100%
an
100%
I
100%
is
100%
it
100%
It
100%
me
100%
the
100%
The
100%
to
100%
To
100%
when
100%
And
94%
and
94%
be
94%
do
94%
I'm
94%
in
94%
In
94%
my
94%
so
94%
been
89%
but
89%
But
89%
can
89%
have
89%
if
89%
it's
89%
on
89%
said
89%
they
89%
who
89%
Who
89%
like
83%
No
83%
of
83%
was
83%
would
83%
Don't
78%
Eve
78%
I've
78%
Just
78%
just
78%
want
78%
at
72%
got
72%
look
72%
made
72%
Please
72%
tell
72%
wouldn't
72%
beg
67%
Change
67%
change
67%
get
67%
has
67%
knees
67%
Let
67%
Mine
67%
Oh
67%
oh
67%
out
67%
prophecy
67%
sky
67%
speak
67%
they're
67%
wants
67%
woman
67%
About
61%
even
61%
gone
61%
greater
61%
him
61%
money
61%
once
61%
sign
61%
someone
61%
table
61%
wait
61%
with
61%
again
56%
around
56%
bitten
56%
bottle
56%
Cards
56%
company
56%
crumble
56%
Feeling
56%
from
56%
guess
56%
home
56%
hope
56%
infant
56%
last
56%
looked
56%
punishment
56%
redo
56%
sound
56%
statues
56%
Thought
56%
afraid
50%
caught
50%
coin
50%
drops
50%
Hand
50%
hand
50%
ink
50%
It'll
50%
lightning
50%
lost
50%
moon
50%
ok
50%
paperweight
50%
pen
50%
play
50%
sealed
50%
shades
50%
soulmates
50%
unstable
50%
very
50%
cool
44%
cursed
44%
fable
44%
fate
44%
fools
44%
Gathered
44%
lesser
44%
quicksand
44%
round
44%
sinking
44%
Spending
44%
stays
44%
throttle
44%
will
44%
wolf
44%
would've
44%
written
44%
dream
39%
faith
39%
howl
39%
pricked
39%
Pad
33%
still
33%
blood
28%
coven
28%
greige
28%
Slow
28%
Poison
22%
sorceress'
22%
No matching quizzes found
Score Distribution
Percent of People with Each Score
Percentile by Number Answered
Your Score History
You have not taken this quiz